Guess the Fusion Rock Song Lyrics #200 - Statistics

General Stats
  • This quiz has been taken 14 times
  • The average score is 167 of 242
Answer Stats
Answer % Correct
a
100%
be
100%
I
100%
me
100%
the
100%
you
100%
and
91%
And
91%
go
91%
it
91%
of
91%
on
91%
On
91%
to
91%
when
91%
When
91%
by
82%
can
82%
don't
82%
How
82%
It's
82%
let
82%
love
82%
so
82%
they
82%
why
82%
If
73%
not
73%
Oh
73%
take
73%
this
73%
won't
73%
All
64%
come
64%
Come
64%
feel
64%
gonna
64%
have
64%
Just
64%
just
64%
out
64%
seem
64%
was
64%
about
55%
back
55%
good
55%
life
55%
long
55%
night
55%
now
55%
right
55%
any
45%
fire
45%
hold
45%
old
45%
over
45%
wonder
45%
Brings
36%
dream
36%
gone
36%
last
36%
love's
36%
nights
36%
Paul Davis
36%
cool
27%
Forever
27%
light
27%
memories
27%
past
27%
sometimes
27%
talk
27%
die
18%
Lay
18%
plans
18%
supposed
18%
tonight
18%
flowers
9%
stand
0%
summer's
0%
No matching quizzes found
Score Distribution
Percent of People with Each Score
Percentile by Number Answered
Your Score History
You have not taken this quiz